| 000 | 01933nam a2200337 a 4500 | ||
|---|---|---|---|
| 001 | BRCA_9092 | ||
| 003 | FranzMayer | ||
| 005 | 20230726111601.0 | ||
| 008 | 021017s1771----sp-#######---#000-0#spa-# | ||
| 040 |
_aMFM _besp _cMFM |
||
| 041 | _aspa | ||
| 044 | _asp | ||
| 050 | 4 | _bB68 1771 | |
| 082 | _2BX1529 | ||
| 100 | 1 |
_aBossuet, Jacobo Benigno _921906 |
|
| 245 | 1 | 0 |
_aDefensa de la declaración de la asamblea del clero de Francia de 1682 _ba cerca de la potestad eclesiástica _cpor el Ilmo. Señor Jacobo Benigno Bossuet, Obispo de Meaux; traducida en español por el Doctor Don Francisco Martínez Molés; Tomo segundo. |
| 260 |
_aMadrid _bEn la Oficina de D. Antonio Mayoral _c1771 |
||
| 300 |
_a463 p. (t.3) _c21 x 16 cm. |
||
| 500 | _aCon Superior Permiso, y Licencia | ||
| 500 | _aEstado físico: presenta encuadernación en pergamino | ||
| 500 | _aCon dos marcas de fuego. Marca 1: Con marca de fuego: “Procedencia de la marca: Convento de San Francisco de Querétaro(1). Institución: Orden de Frailes Menores. Provincia de San Pedro y San Pablo de Michoacán. Descripción: Monograma: Letras iniciales S[an] F[rancisco] D[e] Q[uerétar]o. Observaciones: David Saavedra la asigna a la Academia de Dibujo de San Fernando de Querétaro; Carlos Krausse al Colegio de Propaganda Fide de San Fernando de México. Ubicación de la marca en el libro: Canto superior, inferior y frontal” Marca 2: No identificada | ||
| 500 | _aNúmero de control : 00007 | ||
| 650 | 1 | 4 |
_aRevolución francesa _xLibertad de reunión _922468 |
| 650 | 1 | 4 |
_aPolítica _yObras anteriores a 1800 _zFrancia _921801 |
| 650 | 1 | 4 |
_aIglesia católica _915525 |
| 651 | 4 |
_aFrancia _xClero _922469 |
|
| 700 | 1 |
_aMartínez Molés, Francisco _etr. _922470 |
|
| 856 | _aMarca de fuego 1: http://www.marcasdefuego.buap.mx:8180/xmLibris/projects/firebrand/item.jsp?repository=marcas_de_fuego&key=6faee58a.xml&num=15 | ||
| 902 | _aDCON | ||
| 942 |
_2lcc _cB |
||
| 999 |
_c8742 _d8742 |
||